00383cam a2200109 i 4500020003500000100001400035245006900049250001100118260008800129300003000217490002600247 a9789869379267c新臺幣300元1 a黃佳興10a幸福競爭力 :b21世紀不可或缺的能力 /c黃佳興著 a初版 a臺北市 :b布克文化出版 :b家庭傳媒城邦分公司發行,c民106[2017] a239面 :b像 ;c21公分1 a佳興成長營 ;v1.